| 000 | 00795nam a22002417a 4500 | ||
|---|---|---|---|
| 005 | 20241127114020.0 | ||
| 010 | _aENG-142638 | ||
| 020 | _c495.00 | ||
| 035 | _aEN-126170 | ||
| 037 | _bDBAD | ||
| 082 |
_a610.3 _21 |
||
| 245 |
_aDictionary of Medical/ _cEdited by Kamal Chaudhry; Suman Shankar [and] Shubham Ghai |
||
| 250 | _a1 | ||
| 260 |
_aNew Delhi _bChoice International |
||
| 270 |
_a484 D/S New Rajinder Nagar, _bNew Delhi _e110060 _k+91 9212013637 _mgalaxyindia999@gmail.com |
||
| 300 |
_a800p. _c22cm(hb) |
||
| 500 | _aThe Dictionary That You Can Trust | ||
| 650 |
_aMedical _974105 |
||
| 700 |
_aChaudhry, Kamal _974091 _eEditor |
||
| 700 |
_aShankar, Suman _974092 _eEditor |
||
| 700 |
_aGhai, Shubham _974093 _eEditor |
||
| 942 |
_2ddc _cEN _h610.3 _mDIC |
||
| 999 |
_c207045 _d207045 |
||